Países menos adivinados en Jetpunk - Estadísticas

Estadísticas generales
  • Esta prueba ha sido intentada 49 veces
  • La puntuación promedio es 27 de 36
Estadísticas de respuestas
% de adivinación País % Correcto
25 Islas Marshall
95%
17 Nauru
89%
20 Samoa
89%
23 San Vicente y las Granadinas
89%
20 Palaos
87%
20 Santo Tomé y Príncipe
87%
21 Tonga
87%
21 Brunéi
84%
28 Granada
84%
20 Kiribati
84%
29 Santa Lucía
84%
28 Estados Federados de Micronesia
82%
23 Islas Salomón
82%
18 Comoras
79%
22 San Cristóbal
79%
18 Timor Oriental
79%
20 Tuvalu
79%
29 Ruanda
76%
24 Seychelles
76%
24 Burundi
74%
23 Esuatini
74%
30 Mauricio
74%
22 Bareín
71%
30 Kuwait
71%
19 Vanuatu
71%
27 Guinea-Bissau
66%
30 Liberia
66%
20 Yibuti
66%
24 Benín
63%
23 Malaui
63%
30 Eritrea
61%
25 Gambia
58%
28 Gabón
53%
28 Sierra Leona
53%
28 Tayikistán
47%
26 Burkina Faso
42%
No se encontraron pruebas coincidentes
Distribución de puntuación
Porcentaje de gente con cada puntuación
Porcentaje por número respondido
Historial de tus puntuaciones
No has intentado esta prueba.